000 00387 a2200169 4500
001 190420
020 _a978-852629236-9
040 _cMagnum
100 _aDieterlé, Nathalie
240 1 0 _aZekeyê e os olhos da noite
_lpor
245 1 0 _aZekeyê e os olhos da noite
300 _a40
362 0 _a2013
440 1 _aScipione
697 _aLITERATURA INFANTO-JUVENIL
942 _cBK
999 _c190420
_d190420